| 000 | 00649nam a2200241Ia 4500 | ||
|---|---|---|---|
| 001 | dia_2051 | ||
| 003 | CHAP | ||
| 005 | 20240221111807.0 | ||
| 008 | 220117s1982 xx 000 0 und d | ||
| 010 | _a172587 | ||
| 040 | _cCHAP | ||
| 082 | _a635 V3 | ||
| 100 | 1 |
_aVan Haeff, J. N. M. _9117766 |
|
| 245 |
_aHorticultura / _c por j.n.m. van haeff |
||
| 260 |
_aMéxico : _b Trillas, _c1982 |
||
| 300 | _a112 p. | ||
| 400 | _aMANUALES PARA EDUCACIÓN AGROPECUARIA, 15 | ||
| 650 |
_a1.Horticultura _9152152 |
||
| 901 | _a635 V3 | ||
| 902 | _aM | ||
| 905 | _a0000001982 mx A 0000000000esp00 | ||
| 942 |
_cLIBRO _2ddc |
||
| 999 |
_c172587 _d172587 |
||